[Event "47th GRE-chT 2019"]
[Site "Patra"]
[Date "2019.07.03"]
[Round "3.18"]
[White "Kouskoutis, Georgios-Alexandros"]
[Black "Georgakopoulos, Nikolaos K."]
[Result "1-0"]
[WhiteElo "2256"]
[BlackElo "2032"]
[Annotator "NA"]
[PlyCount "85"]
[EventDate "2019.07.02"]
[EventCountry "GRE"]
[SourceTitle "playchess.com"]
[Source "ChessBase"]
[SourceQuality "1"]
[TimeControl "5400+30"]

1. c4 {[%emt 0:00:00]} e6 {[%emt 0:00:00]} 2. g3 {[%emt 0:00:00]} Nf6 {[%emt 0:00:00]} 3. Bg2 {[%emt 0:00:16]} d5 {[%emt 0:00:00]} 4. Nf3 {[%emt 0:00:45]} Be7 {[%emt 0:00:00]} 5. O-O {[%emt 0:00:20]} O-O {[%emt 0:00:00]} 6. b3 {[%emt 0:01:47]} d4 {[%emt 0:00:00]} 7. e3 {[%emt 0:00:21]} c5 {[%emt 0:00:15]} 8. exd4 {[%emt 0:00:24]} cxd4 {[%emt 0:00:30]} 9. d3 {[%emt 0:00:07]} Nc6 {[%emt 0:01:25]} 10. Re1 {[%emt 0:12:26]} Nd7 {[%emt 0:11:34]} 11. a3 {[%emt 0:01:30]} a5 {[%emt 0:00:32]} 12. Nbd2 {[%emt 0:13:38]} e5 {[%emt 0:15:40]} 13. Ne4 {[%emt 0:08:01]} h6 {[%emt 0:05:03]} 14. c5 {[%emt 0:06:59]} f5 {[%emt 0:02:45]} 15. Nd6 {[%emt 0:15:07]} Nxc5 {[%emt 0:01:04]} 16. Nxc8 {[%emt 0:00:28]} Bf6 {[%emt 0:16:00]} 17. Qc2 {[%emt 0:10:39]} Ne6 {[%emt 0:07:45]} 18. Qc4 {[%emt 0:00:26]} Qxc8 {[%emt 0:09:22]} 19. Bf4 {[%emt 0:05:30]} b5 {[%emt 0:01:45]} 20. Qxb5 {[%emt 0:02:42]} exf4 {[%emt 0:05:18]} 21. Rac1 {[%emt 0:01:38]} Ned8 {[%emt 0:01:56]} 22. Nd2 {[%emt 0:02:32]} fxg3 {[%emt 0:01:19]} 23. hxg3 {[%emt 0:01:39]} Ra6 {[%emt 0:03:02]} 24. b4 {[%emt 0:02:35]} axb4 {[%emt 0:00:15]} 25. axb4 {[%emt 0:01:14]} Kh8 {[%emt 0:02:51]} 26. Qc4 {[%emt 0:07:33]} Ra3 {[%emt 0:02:43]} 27. Nb1 {[%emt 0:02:01]} Rc3 {[%emt 0:00:40]} 28. Nxc3 {[%emt 0:00:09]} dxc3 {[%emt 0:01:16]} 29. Qc5 {[%emt 0:00:24]} Ne7 {[%emt 0:01:43]} 30. d4 {[%emt 0:01:40]} Qxc5 {[%emt 0:00:14]} 31. dxc5 {[%emt 0:00:36]} Ndc6 {[%emt 0:01:20]} 32. b5 {[%emt 0:01:25]} Nb4 {[%emt 0:06:47]} 33. Rxc3 {[%emt 0:00:16]} Bxc3 {[%emt 0:00:06]} 34. Rxe7 {[%emt 0:01:19]} Nd3 {[%emt 0:02:02]} 35. c6 {[%emt 0:00:20]} Ba5 {[%emt 0:01:32]} 36. Bd5 {[%emt 0:00:40]} Bb6 {[%emt 0:00:29]} 37. Rb7 {[%emt 0:00:22]} Bxf2+ {[%emt 0:00:07]} 38. Kg2 {[%emt 0:00:34]} Nc5 {[%emt 0:01:02]} 39. Rf7 {[%emt 0:00:34]} Rd8 {[%emt 0:00:00]} 40. c7 {[%emt 0:00:00]} Rc8 {[%emt 0:00:00]} 41. Kxf2 {[%emt 0:00:00]} Nd3+ {[%emt 0:00:00]} 42. Ke3 {[%emt 0:00:00]} Nb4 {[%emt 0:00:00]} 43. Be6 {[%emt 0:00:00]} 1-0

[Event "47th GRE-chT 2019"]
[Site "Patra"]
[Date "2019.07.03"]
[Round "3.19"]
[White "Patrelakis, Evaggelos"]
[Black "Chatzieleftheriou, Andreas"]
[Result "1/2-1/2"]
[WhiteElo "2209"]
[BlackElo "2208"]
[Annotator "NA"]
[PlyCount "69"]
[EventDate "2019.07.02"]
[EventCountry "GRE"]
[SourceTitle "playchess.com"]
[Source "ChessBase"]
[SourceQuality "1"]
[TimeControl "5400+30"]

1. e4 {[%emt 0:00:00]} c6 {[%emt 0:00:00]} 2. d4 {[%emt 0:00:00]} d5 {[%emt 0:00:00]} 3. e5 {[%emt 0:00:05]} g6 {[%emt 0:00:19]} 4. Nf3 {[%emt 0:00:25]} Bg7 {[%emt 0:00:24]} 5. c4 {[%emt 0:00:21]} Bg4 {[%emt 0:06:59]} 6. cxd5 {[%emt 0:04:46]} cxd5 {[%emt 0:00:30]} 7. Nc3 {[%emt 0:00:54]} Bxf3 {[%emt 0:06:26]} 8. Qxf3 {[%emt 0:00:28]} e6 {[%emt 0:00:15]} 9. Be3 {[%emt 0:13:13]} Ne7 {[%emt 0:10:26]} 10. Bd3 {[%emt 0:00:28]} Nbc6 {[%emt 0:01:31]} 11. O-O {[%emt 0:06:43]} O-O {[%emt 0:01:37]} 12. Qd1 {[%emt 0:14:09]} Nxe5 {[%emt 0:13:58]} 13. dxe5 {[%emt 0:02:33]} d4 {[%emt 0:00:09]} 14. Bd2 {[%emt 0:07:08]} dxc3 {[%emt 0:00:11]} 15. Bxc3 {[%emt 0:00:02]} Nd5 {[%emt 0:01:53]} 16. Be4 {[%emt 0:17:37]} Nxc3 {[%emt 0:00:40]} 17. bxc3 {[%emt 0:00:18]} Bxe5 {[%emt 0:00:29]} 18. Qxd8 {[%emt 0:00:50]} Raxd8 {[%emt 0:00:08]} 19. Bxb7 {[%emt 0:00:08]} Bxc3 {[%emt 0:00:12]} 20. Rac1 {[%emt 0:00:29]} Bd4 {[%emt 0:02:13]} 21. Rfd1 {[%emt 0:00:58]} Rd6 {[%emt 0:03:19]} 22. Kf1 {[%emt 0:02:04]} e5 {[%emt 0:00:57]} 23. Rd2 {[%emt 0:01:49]} Kg7 {[%emt 0:04:04]} 24. Rc7 {[%emt 0:03:51]} Rfd8 {[%emt 0:04:19]} 25. Ke2 {[%emt 0:01:07]} h5 {[%emt 0:00:51]} 26. Be4 {[%emt 0:02:07]} Bb6 {[%emt 0:05:23]} 27. Rxd6 {[%emt 0:00:35]} Rxd6 {[%emt 0:00:01]} 28. Rb7 {[%emt 0:02:15]} Rf6 {[%emt 0:02:19]} 29. f3 {[%emt 0:00:07]} g5 {[%emt 0:02:44]} 30. h3 {[%emt 0:01:14]} g4 {[%emt 0:03:08]} 31. hxg4 {[%emt 0:00:38]} hxg4 {[%emt 0:00:05]} 32. fxg4 {[%emt 0:00:45]} Rf2+ {[%emt 0:01:13]} 33. Kd3 {[%emt 0:00:18]} Rxa2 {[%emt 0:01:08]} 34. Rxf7+ {[%emt 0:00:10]} Kxf7 {[%emt 0:00:03]} 35. Bd5+ {[%emt 0:00:09]} 1/2-1/2

[Event "47th GRE-chT 2019"]
[Site "Patra"]
[Date "2019.07.03"]
[Round "3.19"]
[White "Rousos, Stamatios"]
[Black "Polymeras, Evangelos"]
[Result "0-1"]
[WhiteElo "1741"]
[BlackElo "1766"]
[Annotator "NA"]
[PlyCount "88"]
[EventDate "2019.07.02"]
[EventCountry "GRE"]
[SourceTitle "playchess.com"]
[Source "ChessBase"]
[SourceQuality "1"]
[TimeControl "5400+30"]

1. e4 {[%emt 0:01:26]} e5 {[%emt 0:00:00]} 2. Nf3 {[%emt 0:01:20]} Nc6 {[%emt 0:00:00]} 3. Bb5 {[%emt 0:00:19]} g6 {[%emt 0:00:00]} 4. O-O {[%emt 0:02:34]} Bg7 {[%emt 0:00:00]} 5. d3 {[%emt 0:01:39]} Nge7 {[%emt 0:00:02]} 6. c3 {[%emt 0:04:17]} a6 {[%emt 0:00:47]} 7. Ba4 {[%emt 0:01:01]} O-O {[%emt 0:00:19]} 8. Qe2 {[%emt 0:01:29]} d6 {[%emt 0:10:46]} 9. Nbd2 {[%emt 0:01:01]} h6 {[%emt 0:02:10]} 10. Rd1 {[%emt 0:01:24]} Kh7 {[%emt 0:09:06]} 11. Bc2 {[%emt 0:09:09]} f5 {[%emt 0:07:51]} 12. h3 {[%emt 0:04:41]} f4 {[%emt 0:01:50]} 13. a4 {[%emt 0:03:17]} g5 {[%emt 0:03:05]} 14. Nh2 {[%emt 0:08:01]} Qe8 {[%emt 0:06:01]} 15. Ndf3 {[%emt 0:13:32]} Qg6 {[%emt 0:08:06]} 16. d4 {[%emt 0:02:46]} h5 {[%emt 0:05:11]} 17. h4 {[%emt 0:01:51]} g4 {[%emt 0:04:39]} 18. Ng5+ {[%emt 0:11:04]} Kh8 {[%emt 0:00:01]} 19. g3 {[%emt 0:01:01]} fxg3 {[%emt 0:05:34]} 20. fxg3 {[%emt 0:00:04]} exd4 {[%emt 0:03:50]} 21. Bd2 {[%emt 0:10:12]} Be5 {[%emt 0:07:45]} 22. Kg2 {[%emt 0:01:59]} Bd7 {[%emt 0:02:18]} 23. Bb3 {[%emt 0:00:49]} dxc3 {[%emt 0:08:53]} 24. bxc3 {[%emt 0:01:14]} Kg7 {[%emt 0:06:15]} 25. Rf1 {[%emt 0:00:41]} Rxf1 {[%emt 0:00:37]} 26. Rxf1 {[%emt 0:00:15]} Rf8 {[%emt 0:00:27]} 27. Bf7 {[%emt 0:00:13]} Rxf7 {[%emt 0:01:51]} 28. Rxf7+ {[%emt 0:00:22]} Kg8 {[%emt 0:00:17]} 29. Qf1 {[%emt 0:06:54]} Bg7 {[%emt 0:00:28]} 30. Rf2 {[%emt 0:03:46]} Ne5 {[%emt 0:00:52]} 31. Qb1 {[%emt 0:00:41]} Bc6 {[%emt 0:01:51]} 32. Bf4 {[%emt 0:03:12]} d5 {[%emt 0:02:46]} 33. Bxe5 {[%emt 0:00:28]} dxe4 {[%emt 0:01:04]} 34. Kg1 {[%emt 0:01:22]} e3 {[%emt 0:01:08]} 35. Rb2 {[%emt 0:02:42]} Qxb1+ {[%emt 0:01:00]} 36. Rxb1 {[%emt 0:00:05]} Bxe5 {[%emt 0:00:10]} 37. Re1 {[%emt 0:00:51]} Bxg3 38. Rxe3 {[%emt 0:00:08]} Bxh4 {[%emt 0:01:01]} 39. Rxe7 {[%emt 0:00:41]} Bxg5 {[%emt 0:00:04]} 40. Re5 {[%emt 0:00:00]} Bf4 {[%emt 0:00:00]} 41. Rxh5 {[%emt 0:00:00]} Be3+ {[%emt 0:00:00]} 42. Kf1 {[%emt 0:00:00]} g3 {[%emt 0:00:00]} 43. Ke2 {[%emt 0:00:00]} g2 {[%emt 0:00:00]} 44. Nf3 {[%emt 0:00:00]} Bxf3+ {[%emt 0:00:00]} 0-1

[Event "47th GRE-chT 2019"]
[Site "Patra"]
[Date "2019.07.03"]
[Round "3.20"]
[White "Merkos, Thomas"]
[Black "Karavitaki, Antonia"]
[Result "1-0"]
[WhiteElo "1665"]
[BlackElo "1481"]
[Annotator "NA"]
[PlyCount "113"]
[EventDate "2019.07.02"]
[EventCountry "GRE"]
[SourceTitle "playchess.com"]
[Source "ChessBase"]
[SourceQuality "1"]
[TimeControl "5400+30"]

1. e4 {[%emt 0:00:00]} c5 {[%emt 0:00:00]} 2. Nf3 {[%emt 0:00:00]} g6 {[%emt 0:00:00]} 3. d4 {[%emt 0:00:00]} cxd4 {[%emt 0:00:00]} 4. Qxd4 {[%emt 0:02:35]} Nf6 {[%emt 0:00:20]} 5. e5 {[%emt 0:02:22]} Nc6 {[%emt 0:00:09]} 6. Qa4 {[%emt 0:05:22]} Ng8 {[%emt 0:07:01]} 7. Bf4 {[%emt 0:03:25]} Bg7 {[%emt 0:00:47]} 8. Bc4 {[%emt 0:02:45]} Nh6 {[%emt 0:07:01]} 9. Nc3 {[%emt 0:03:54]} O-O {[%emt 0:04:21]} 10. O-O-O {[%emt 0:05:12]} Qa5 {[%emt 0:01:36]} 11. Qxa5 {[%emt 0:00:22]} Nxa5 {[%emt 0:00:35]} 12. Bb5 {[%emt 0:02:13]} Nc6 {[%emt 0:01:27]} 13. Nd5 {[%emt 0:13:35]} e6 {[%emt 0:07:12]} 14. Nc7 {[%emt 0:01:18]} Rb8 {[%emt 0:21:16]} 15. h3 {[%emt 0:12:15]} Nf5 {[%emt 0:17:33]} 16. g4 {[%emt 0:08:38]} Nh6 {[%emt 0:01:18]} 17. Bg5 {[%emt 0:08:52]} Kh8 {[%emt 0:08:00]} 18. Bxc6 {[%emt 0:04:55]} bxc6 {[%emt 0:00:53]} 19. Be7 {[%emt 0:05:08]} Rg8 {[%emt 0:02:16]} 20. Rhe1 {[%emt 0:05:43]} Bf8 {[%emt 0:08:43]} 21. Bf6+ {[%emt 0:00:30]} Bg7 {[%emt 0:02:41]} 22. Bxg7+ {[%emt 0:00:27]} Kxg7 {[%emt 0:01:36]} 23. Re3 {[%emt 0:08:03]} Rd8 {[%emt 0:02:55]} 24. Ra3 {[%emt 0:02:39]} Rb7 {[%emt 0:00:07]} 25. Na6 {[%emt 0:00:50]} Ng8 {[%emt 0:00:51]} 26. Nc5 {[%emt 0:00:15]} Rb5 {[%emt 0:00:53]} 27. Ne4 {[%emt 0:01:17]} a6 {[%emt 0:00:33]} 28. Nd6 {[%emt 0:00:47]} Rd5 {[%emt 0:01:19]} 29. Nxc8 {[%emt 0:00:07]} Rxc8 {[%emt 0:00:25]} 30. Rxa6 {[%emt 0:00:33]} Ne7 {[%emt 0:00:51]} 31. Ra7 {[%emt 0:00:11]} Rd8 {[%emt 0:01:10]} 32. c4 {[%emt 0:00:44]} Rxd1+ {[%emt 0:00:00]} 33. Kxd1 {[%emt 0:00:39]} h6 {[%emt 0:01:42]} 34. b4 {[%emt 0:00:11]} Kf8 {[%emt 0:00:24]} 35. Kd2 {[%emt 0:00:10]} Ke8 {[%emt 0:00:51]} 36. Kc3 {[%emt 0:00:09]} Rb8 {[%emt 0:00:11]} 37. a4 {[%emt 0:00:10]} Nc8 {[%emt 0:00:49]} 38. Ra5 {[%emt 0:01:26]} Nb6 {[%emt 0:00:39]} 39. Ra6 {[%emt 0:00:22]} Kd8 {[%emt 0:00:00]} 40. Nd2 {[%emt 0:00:00]} Kc7 {[%emt 0:00:00]} 41. Ra7+ {[%emt 0:00:00]} Kd8 {[%emt 0:00:00]} 42. Ne4 {[%emt 0:00:00]} Nc8 {[%emt 0:00:00]} 43. Ra6 {[%emt 0:00:00]} Kc7 {[%emt 0:00:00]} 44. b5 {[%emt 0:00:00]} Rb7 {[%emt 0:00:00]} 45. Kb4 {[%emt 0:00:00]} g5 {[%emt 0:00:00]} 46. c5 {[%emt 0:00:00]} cxb5 {[%emt 0:00:00]} 47. axb5 {[%emt 0:00:00]} Rb8 {[%emt 0:00:00]} 48. Nd6 {[%emt 0:00:00]} Nxd6 {[%emt 0:00:00]} 49. exd6+ {[%emt 0:00:00]} Kc8 {[%emt 0:00:00]} 50. c6 {[%emt 0:00:00]} dxc6 {[%emt 0:00:00]} 51. Rxc6+ {[%emt 0:00:00]} Kd7 {[%emt 0:00:00]} 52. Kc5 {[%emt 0:00:00]} f5 {[%emt 0:00:00]} 53. Rc7+ {[%emt 0:00:00]} Kd8 {[%emt 0:00:00]} 54. Kc6 {[%emt 0:00:00]} f4 {[%emt 0:00:00]} 55. b6 {[%emt 0:00:00]} f3 {[%emt 0:00:00]} 56. b7 {[%emt 0:00:00]} e5 {[%emt 0:00:00]} 57. Rh7 {[%emt 0:00:00]} 1-0

[Event "47th GRE-chT 2019"]
[Site "Patra"]
[Date "2019.07.03"]
[Round "3.20"]
[White "Peikos, Rafail"]
[Black "Stathatos, Alexandros"]
[Result "0-1"]
[WhiteElo "1309"]
[BlackElo "1348"]
[Annotator "NA"]
[PlyCount "70"]
[EventDate "2019.07.02"]
[EventCountry "GRE"]
[SourceTitle "playchess.com"]
[Source "ChessBase"]
[SourceQuality "1"]
[TimeControl "5400+30"]

1. Nf3 {[%emt 0:00:00]} d5 {[%emt 0:00:35]} 2. d4 {[%emt 0:00:00]} Nf6 {[%emt 0:00:32]} 3. g3 {[%emt 0:00:11]} c5 {[%emt 0:01:22]} 4. e3 {[%emt 0:02:53]} Nc6 {[%emt 0:02:20]} 5. Bg2 {[%emt 0:01:34]} Bg4 {[%emt 0:02:57]} 6. O-O {[%emt 0:02:21]} e6 {[%emt 0:02:52]} 7. b3 {[%emt 0:01:56]} cxd4 {[%emt 0:02:48]} 8. exd4 {[%emt 0:00:07]} Ne4 {[%emt 0:02:04]} 9. Bb2 {[%emt 0:03:06]} Be7 {[%emt 0:02:30]} 10. Nc3 {[%emt 0:05:11]} f5 {[%emt 0:03:15]} 11. Ne2 {[%emt 0:02:58]} g5 {[%emt 0:11:23]} 12. Ne5 {[%emt 0:04:18]} Nxe5 {[%emt 0:02:36]} 13. dxe5 {[%emt 0:00:10]} Bc5 {[%emt 0:01:44]} 14. Qe1 {[%emt 0:04:14]} Qb6 {[%emt 0:01:30]} 15. Bxe4 {[%emt 0:03:29]} fxe4 {[%emt 0:01:40]} 16. Kg2 {[%emt 0:01:22]} Bf3+ {[%emt 0:04:18]} 17. Kg1 {[%emt 0:00:14]} Bg4 {[%emt 0:00:04]} 18. Kg2 {[%emt 0:00:05]} Bf3+ {[%emt 0:02:34]} 19. Kg1 {[%emt 0:00:05]} e3 {[%emt 0:00:08]} 20. fxe3 {[%emt 0:02:59]} Bxe3+ {[%emt 0:00:05]} 21. Rf2 {[%emt 0:00:04]} Bxf2+ {[%emt 0:03:54]} 22. Qxf2 {[%emt 0:00:06]} Bxe2 {[%emt 0:00:34]} 23. Bd4 {[%emt 0:00:10]} Qa6 {[%emt 0:01:47]} 24. c4 {[%emt 0:01:10]} Bh5 {[%emt 0:06:39]} 25. Qf6 {[%emt 0:05:10]} Rf8 {[%emt 0:02:45]} 26. Qxg5 {[%emt 0:00:25]} Bg6 {[%emt 0:05:33]} 27. Bc5 {[%emt 0:00:54]} Rf7 {[%emt 0:00:53]} 28. Rf1 {[%emt 0:02:03]} Qc6 {[%emt 0:02:37]} 29. Bd6 {[%emt 0:07:11]} Rxf1+ {[%emt 0:07:36]} 30. Kxf1 {[%emt 0:00:07]} Qd7 {[%emt 0:00:16]} 31. cxd5 {[%emt 0:01:16]} Qf7+ {[%emt 0:00:35]} 32. Kg1 {[%emt 0:00:08]} exd5 {[%emt 0:01:28]} 33. b4 {[%emt 0:04:34]} Rc8 {[%emt 0:04:35]} 34. Qe3 {[%emt 0:02:10]} Be4 {[%emt 0:03:42]} 35. Qg5 {[%emt 0:02:07]} Rc2 {[%emt 0:01:57]} 0-1

[Event "47th GRE-chT 2019"]
[Site "Patra"]
[Date "2019.07.03"]
[Round "3.21"]
[White "Vallejo Pons, Francisco"]
[Black "Banikas, Hristos"]
[Result "1/2-1/2"]
[WhiteElo "2687"]
[BlackElo "2601"]
[Annotator "TA"]
[PlyCount "60"]
[EventDate "2019.07.02"]
[EventCountry "GRE"]
[SourceTitle "playchess.com"]
[Source "ChessBase"]
[SourceQuality "1"]

{[%evp 9,60,0,9,0,0,0,0,0,0,0,0,0,0,0,-14,-8,-20,-33,-16,-10,-22,-16,-6,-8,0,0,-5,0,18,0,0,-56,-41,-89,-68,-61,-70,-54,-61,-181,-140,-120,-126,-264,-263,-259,-271,-267,0,0,0,-6,-7]} 1. e4 c5 2. Nc3 d6 3. d4 cxd4 4. Qxd4 Nc6 5. Qd2 g6 (5... Nf6 6. b3 e6 7. Bb2 d5 8. exd5 exd5 9. O-O-O Be6 10. a3 Bc5 11. Nf3 {½-½ (49) Caruana,F (2819)-Vachier Lagrave,M (2773) Karlsruhe/Baden Baden 2019}) 6. b3 {B23: Closed Sicilian: Lines without g3} Bh6 7. f4 Nf6 8. Bb2 e5 9. g3 O-O 10. O-O-O exf4 $146 ({Predecessor:} 10... Re8 11. Bg2 Bg4 12. Rf1 Rc8 13. Kb1 Qa5 14. h3 Be6 15. Nge2 {½-½ (15) Sindarov,J (2488)-Andersen,M (2601) Abu Dhabi 2018}) 11. gxf4 Nh5 12. Nge2 Qh4 $1 {[%cal Rh5f4]} 13. Nd5 Be6 14. Kb1 Bxd5 15. exd5 Ne5 $1 {[%cal Bc6e5,Be5g4,Bg4e3][%mdl 32]} 16. Qb4 Rfd8 17. Qxb7 Ng4 18. Qb4 $1 Bg7 {[#] White must now prevent ...Nf2.} (18... a5 $5 {[%cal Ra5b4]} 19. Qe1 Qxe1 20. Rxe1 Re8 $11) 19. Bxg7 Nxg7 20. f5 (20. Qe1 $11 Nf5 21. Qxh4 Nxh4 22. Rc1) 20... Nxf5 21. Rg1 h5 22. Ng3 {And now Nxf5 would win.} Nge3 ({Much worse is} 22... Nxh2 23. Qxh4 Nxh4 24. Nxh5 $11) (22... Qxh2 $6 23. Rg2 $14) 23. Qxh4 Nxh4 24. Re1 (24. Rd3 $15 Nf3 25. Rh1 Nxf1 26. Nxf1) 24... Re8 ({Stronger than} 24... Nxd5 25. Bc4 $11) 25. Nxh5 {[#] Hoping for Nf6+.} Re5 $1 {Threatens to win with ...Nf3.} 26. Rg3 (26. Kb2 $17) 26... Nxf1 $19 27. Nf6+ Kg7 28. Rxf1 Rf5 $2 (28... Nf5 $19 29. Nh5+ Kh6) 29. Rf4 $1 $11 Rh8 30. Ne8+ $1 Rxe8 {Accuracy: White = 50%, Black = 80%.} 1/2-1/2

[Event "47th GRE-chT 2019"]
[Site "Patra"]
[Date "2019.07.03"]
[Round "3.22"]
[White "Shoker, Samy"]
[Black "Martinovic, Sasa"]
[Result "1/2-1/2"]
[WhiteElo "2496"]
[BlackElo "2560"]
[Annotator "TA"]
[PlyCount "60"]
[EventDate "2019.07.02"]
[EventCountry "GRE"]
[SourceTitle "playchess.com"]
[Source "ChessBase"]
[SourceQuality "1"]

{[%evp 9,60,-6,-6,-18,-8,-12,-11,-16,-14,-17,-17,-16,-4,-12,-9,-20,0,0,0,0,0,-6,-9,-15,0,-25,0,0,-12,-22,0,0,11,13,25,17,23,13,28,22,60,60,60,51,79,91,81,95,107,-1,-1,-80,2]} 1. Nf3 d5 2. g3 g6 3. Bg2 Bg7 4. c4 dxc4 5. Qa4+ Nc6 6. O-O {A09: Réti Opening: 1 Nf3 d5 2 c4} (6. Qxc4 Nh6 7. d3 Nf5 8. Nbd2 O-O 9. O-O a5 10. Qa4 Ncd4 11. Re1 c6 12. Nxd4 Qxd4 {0-1 (23) Antipov,M (2589)-Saric,I (2690) Caleta 2019}) 6... Nh6 7. Qxc4 Nf5 8. Qa4 $146 {The position is equal.} ({Predecessor:} 8. e3 e5 9. Nc3 O-O 10. Rd1 Nd6 11. Qe2 Re8 12. d3 h6 13. Bd2 {0-1 (66) Zoler,D (2503)-Boruchovsky,A (2525) Israel 2019}) 8... O-O 9. Nc3 e5 10. d3 Re8 11. Re1 h6 12. Bd2 Nd6 13. Rac1 Bd7 14. Qd1 Rc8 15. a3 a5 16. h3 b6 17. e4 Nd4 18. Nxd4 exd4 19. Ne2 {[%cal Bc3e2,Be2f4,Bf4d5][%mdl 32]} a4 20. Nf4 Kh7 21. b3 axb3 22. Qxb3 Re5 23. a4 Ra8 24. Ra1 Qe8 {[%cal Rd7a4]} 25. Nd5 $36 {[%mdl 2048] White is more active.} Be6 26. Rec1 c6 27. Qxb6 {[#] Hoping for Nc7.} cxd5 28. Qxd6 {aiming for f4.} dxe4 29. dxe4 (29. Bxe4 $16 Rd8 30. Bc6) 29... Rxa4 $11 30. Rab1 {[#]} (30. Bf4 $11 {remains equal.} Rea5 31. Rxa4 Qxa4 32. e5) 30... Ra2 {Accuracy: White = 47%, Black = 43%.} (30... Rb5 $1 $17 31. Bf1 Rxb1 32. Rxb1 Ra2) 1/2-1/2

[Event "47th GRE-chT 2019"]
[Site "Patra"]
[Date "2019.07.03"]
[Round "3.23"]
[White "Spyropoulos, Nikolaos"]
[Black "Georgiev, Krum"]
[Result "1-0"]
[WhiteElo "2404"]
[BlackElo "2323"]
[Annotator "NA"]
[PlyCount "55"]
[EventDate "2019.07.02"]
[EventCountry "GRE"]
[SourceTitle "playchess.com"]
[Source "ChessBase"]
[SourceQuality "1"]
[TimeControl "5400+30"]

1. e4 {[%emt 0:00:00]} c5 {[%emt 0:00:00]} 2. Nf3 {[%emt 0:00:00]} d6 {[%emt 0:00:00]} 3. d4 {[%emt 0:00:00]} cxd4 {[%emt 0:00:00]} 4. Nxd4 {[%emt 0:00:00]} Nf6 {[%emt 0:00:00]} 5. Nc3 {[%emt 0:00:00]} a6 {[%emt 0:00:04]} 6. Be2 {[%emt 0:00:37]} e6 {[%emt 0:00:16]} 7. Be3 {[%emt 0:00:25]} Qc7 {[%emt 0:00:28]} 8. g4 {[%emt 0:01:23]} h6 {[%emt 0:01:06]} 9. a3 {[%emt 0:10:21]} b5 {[%emt 0:06:57]} 10. h4 {[%emt 0:07:53]} Bb7 {[%emt 0:00:40]} 11. Bf3 {[%emt 0:04:52]} Nfd7 {[%emt 0:19:32]} 12. g5 {[%emt 0:22:03]} Ne5 {[%emt 0:03:01]} 13. g6 {[%emt 0:09:14]} Nbc6 {[%emt 0:00:58]} 14. gxf7+ {[%emt 0:03:14]} Qxf7 {[%emt 0:00:30]} 15. Bh5 {[%emt 0:03:40]} g6 {[%emt 0:01:24]} 16. Be2 {[%emt 0:00:14]} O-O-O {[%emt 0:20:19]} 17. Qd2 {[%emt 0:07:58]} Bg7 {[%emt 0:05:53]} 18. O-O-O {[%emt 0:00:41]} Nxd4 {[%emt 0:20:17]} 19. Bxd4 {[%emt 0:00:44]} Nf3 {[%emt 0:02:04]} 20. Bxf3 {[%emt 0:01:36]} Bxd4 {[%emt 0:00:03]} 21. Qxd4 {[%emt 0:00:21]} Qxf3 {[%emt 0:00:03]} 22. Rhg1 {[%emt 0:01:26]} Rhg8 {[%emt 0:00:19]} 23. a4 {[%emt 0:01:32]} bxa4 {[%emt 0:07:28]} 24. Qa7 {[%emt 0:02:15]} a3 {[%emt 0:06:43]} 25. Rg3 {[%emt 0:05:43]} Qf6 {[%emt 0:02:09]} 26. Kb1 {[%emt 0:08:15]} d5 {[%emt 0:01:24]} 27. Na4 {[%emt 0:03:28]} Rd7 {[%emt 0:01:14]} 28. Rb3 {[%emt 0:03:36]} 1-0

[Event "47th GRE-chT 2019"]
[Site "Patra"]
[Date "2019.07.03"]
[Round "3.24"]
[White "Tsiros, Fragkiskos Vlasios"]
[Black "Balokas, Dimitrios"]
[Result "0-1"]
[WhiteElo "2170"]
[BlackElo "2206"]
[Annotator "TA"]
[PlyCount "132"]
[EventDate "2019.07.02"]
[EventCountry "GRE"]
[SourceTitle "playchess.com"]
[Source "ChessBase"]
[SourceQuality "1"]

{[%evp 17,132,56,71,77,70,59,50,35,42,10,12,15,9,2,6,5,0,-4,12,-17,0,0,0,0,19,22,18,14,14,8,42,0,12,0,0,-16,-12,-20,0,-13,-16,-41,0,0,0,4,3,0,0,0,0,0,0,0,0,-5,-5,-5,-5,-8,-8,-8,-8,-8,19,0,37,0,0,-19,-19,-14,-15,-20,-5,-5,-5,-5,-5,-141,-134,-152,-154,-154,-142,-354,-337,-336,-331,-305,-289,-747,-749,-718,-594,-738,-590,-1380,-1185,-1309,-1197,-852,-899,-2098,-2072,-1215,-941,-5548,-5445,-2598,-2325,-1978,-1364,-1321,-873,-10498,-5118]} 1. Nf3 c5 2. c4 Nc6 3. d4 cxd4 4. Nxd4 g6 5. g3 Bg7 6. Nc2 Nf6 7. Bg2 O-O 8. O-O b6 9. Nc3 Bb7 10. b3 {A38: Symmetrical English vs ...g6: 4 Bg2 Bg7 5 Nf3 Nf6} Na5 11. Bxb7 Nxb7 12. Bb2 {White is slightly better.} Ne4 $146 ({Predecessor:} 12... Nc5) 13. Nxe4 {And now Bxg7 would win.} Bxb2 14. Rb1 Bg7 15. Qd5 Qc7 16. Rfd1 Rad8 17. Ne3 Qc6 18. Qd3 e6 19. Nd6 Nc5 20. Qd2 Ne4 21. Nxe4 Qxe4 22. Qd3 Qa8 23. Qd6 Qe4 24. Qd3 Qa8 25. b4 f5 26. f4 Rfe8 27. Rb3 Kh8 28. Qd2 Qe4 29. Qc2 Qxc2 (29... d5 {seems wilder.} 30. Qd3 d4 31. Nc2 e5 32. fxe5 Bxe5 33. c5 bxc5 34. Qxe4 fxe4 35. bxc5 Rd5) 30. Nxc2 d5 31. cxd5 exd5 32. Re3 (32. Kf2 {feels hotter.} Re4 33. Rbd3 Rc8 34. Nd4 Rc4 35. Nb5) 32... Rxe3 33. Nxe3 $11 {[%mdl 4096] Endgame KRB-KRN} d4 34. Nc2 Kg8 35. Rd3 Kf7 36. Kf1 Ke6 37. Ke1 Kd5 38. Kd2 Ke4 39. Ra3 Rd7 40. b5 Kd5 41. Rb3 Kc5 42. Ne1 Kd5 43. Nd3 Bf8 44. Ne5 Rc7 45. a4 Rc3 46. Rxc3 dxc3+ {KB-KN} 47. Kd3 $1 Bg7 48. Nc6 {[#]} (48. Nd7 $1 $11 {was the only way to keep the balance.}) 48... Kc5 $1 $17 49. Kc2 a6 $1 50. Nd8 axb5 51. axb5 $2 (51. Ne6+ $17 {was the only defense.} Kc4 52. axb5) 51... Bf6 52. Ne6+ Kxb5 53. Kb3 h6 54. h4 $2 (54. Nf8 g5 55. fxg5 hxg5 56. Ne6) 54... Kc6 $19 {Black is clearly winning.} 55. Nf8 Kd5 56. Nxg6 Ke4 57. h5 Ke3 58. Kc2 b5 {[%cal Bb6b5,Bb5b4,Bb4b3][%mdl 32]} 59. Ne5 b4 60. Nc6 {[#]} b3+ $1 {[%mdl 512]} 61. Kxb3 Kxe2 62. Kc2 Kf3 63. Nb4 Kxg3 64. Nd5 Bg7 65. Kd3 Kg4 66. Ke3 Kxh5 {Accuracy: White = 37%, Black = 73%.} 0-1